Подоходный налог: регрессивные и прогрессивные шкалы исчисления; Прогрессивные технологии и экономика в машиностроении

Dades bibliogràfiques
Parent link:Прогрессивные технологии и экономика в машиностроении.— 2013.— [С. 451-454]
Autor principal: Птиченко К. П.
Autor corporatiu: Национальный исследовательский Томский политехнический университет (ТПУ) Юргинский технологический институт (филиал) (ЮТИ) Кафедра экономики и автоматизации систем управления (ЭАСУ)
Altres autors: Полицинская Е. В. Екатерина Викторовна (научный руководитель)
Sumari:Заглавие с экрана
Idioma:rus
Publicat: 2013
Col·lecció:Экономика, менеджмент и маркетинг на предприятии
Matèries:
Accés en línia:http://www.lib.tpu.ru/fulltext/c/2013/C57/205.pdf
Format: MixedMaterials Electrònic Capítol de llibre
KOHA link:https://koha.lib.tpu.ru/cgi-bin/koha/opac-detail.pl?biblionumber=606550

MARC

LEADER 00000naa2a2200000 4500
001 606550
005 20260302164224.0
035 |a (RuTPU)RU\TPU\conf\3929 
035 |a RU\TPU\conf\3924 
090 |a 606550 
100 |a 20140603d2013 k y0rusy50 ca 
101 0 |a rus 
102 |a RU 
135 |a drcn ---uucaa 
181 0 |a i  
182 0 |a b 
200 1 |a Подоходный налог: регрессивные и прогрессивные шкалы исчисления  |f К. П. Птиченко  |g науч. рук. Е. В. Полицинская 
203 |a Текст  |c электронный 
215 |a 1 файл(265 Кб) 
225 1 |a Экономика, менеджмент и маркетинг на предприятии 
300 |a Заглавие с экрана 
320 |a [Библиогр.: с. 454 (5 назв.)] 
337 |a Adobe Reader 
463 1 |0 (RuTPU)RU\TPU\conf\2057  |t Прогрессивные технологии и экономика в машиностроении  |o сборник трудов IV Всероссийской научно-практической конференции с элементами научной школы для студентов и учащейся молодежи, 4-6 апреля 2013 года, Юрга  |f Национальный исследовательский Томский политехнический университет (ТПУ), Юргинский технологический институт (ЮТИ) ; отв. за вып. Д. А. Чинахов  |v [С. 451-454]  |d 2013 
610 1 |a электронный ресурс 
610 1 |a труды учёных ТПУ 
610 1 |a подоходный налог 
610 1 |a регрессивный анализ 
610 1 |a прогрессии 
610 1 |a шкалы 
610 1 |a исчисление 
700 1 |a Птиченко  |b К. П. 
702 1 |a Полицинская  |b Е. В.  |c российский учёный в области экономики и автоматизированных систем управления  |c ассистент Юргинского технологического института (филиал) Томского политехнического университета  |g Екатерина Викторовна  |4 727 
712 0 2 |a Национальный исследовательский Томский политехнический университет (ТПУ)  |b Юргинский технологический институт (филиал) (ЮТИ)  |b Кафедра экономики и автоматизации систем управления (ЭАСУ)  |3 (RuTPU)RU\TPU\col\18900 
801 1 |a RU  |b 63413507  |c 20101016 
801 2 |a RU  |b 63413507  |c 20140603  |g RCR 
856 4 |u http://www.lib.tpu.ru/fulltext/c/2013/C57/205.pdf 
942 |c CF